|
|
|
|
| LEADER |
00000cam a2200000 a 4500 |
| 001 |
91179 |
| 005 |
20230308182020.0 |
| 008 |
000000|1954 ||||||||r|||||||||||spa|| |
| 040 |
|
|
|b spa
|
| 041 |
0 |
|
|a Español
|
| 082 |
0 |
|
|a 340.86
|
| 100 |
1 |
|
|a Rubio Orbe, Alfredo
|9 96516
|
| 245 |
|
|
|a Legislación indigenista del Ecuador
|c Alfredo Rubio Orbe recopilación, prólogo de Gonzalo Rubio Orbe
|h imp
|
| 264 |
|
|
|a México D.F.
|b Instituto Indigenista Interamericano
|c 1954
|
| 300 |
|
|
|a 115 páginas:
|c 23 cm
|
| 504 |
|
|
|a incl. ref.
|
| 650 |
|
|
|a Legislacion indigenista
|9 96517
|
| 650 |
|
|
|a Derecho indigenista
|9 96518
|
| 650 |
|
|
|a Indio ecuatoriano
|9 7974
|
| 650 |
|
|
|a Indigenismo ecuatoriano
|9 5208
|
| 650 |
|
|
|9 1448
|a Indigenismo
|
| 852 |
|
|
|a UC-CDJBV
|c ESTANTERIA CERRADA
|f Donación
|k margarita.gutierrez
|l 1
|m General
|p 00000000
|q 3.00
|r 2
|t 91179
|b 0
|d CDRC
|e CDRC
|g 340.86 ESTANTERIA CERRADA
|z 0000-00-00
|
| 942 |
|
|
|c BK
|
| 999 |
|
|
|c 58404
|d 58404
|